000 00586nam a2200169Ia 4500
008 090711s9999 xx 000 0 und d
082 _b36162
100 _aकुलकर्णी अलका
245 _aआरोग्याSाी गुरु किल्ली
260 _c1975
300 _a40
600 _aकुलकर्णी अलका
630 _aआरोग्याSाी गुरु किल्ली
700 _aकुलकर्णी अलका
730 _aआरोग्याSाी गुरु किल्ली
942 _cBOOK
999 _c309187
_d309187